000 00709nam a2200229Ia 4500
003 OSt
005 20220923225557.0
006 a|||||r|||| 00| 0
007 ta
008 220922b |||||||| |||| 00| 0 rus d
024 _a271,851
037 _cTextual
040 _aARTS
_cARTS
_brus
041 _2rus
_arus
082 _aO142,3M60,2, 153L4
100 _aਚੈFੋਵ, ਅੰਤੋਨ; ਸਿੰਘ, ਦਰFਨ, ੳਗ.
_9168730
245 0 _aਤਿੰਨ ਵਰੇ੍ਹ
260 _c1974
650 _aਰਾFੀਅਨ ਸਾਹਿਤ
942 _hO142,3M60,2, 153L4
_cTEXL
_2CC
999 _c379237
_d379237